LEADER 01038cam0 22002771 450 001 SOBE00036123 005 20151130133551.0 100 $a20130905d1951 |||||ita|0103 ba 101 $afre 102 $aFR 200 1 $aHernani$edrame$fVictor Hugo$gavec une notice biographique, une notice historique et littéraire, des notes esplicatives, des jugements, un questionnaire et des sujets de devoirs par Pierre Richard 210 $aParis$cLibrairie Larousse$d1951 215 $a166 p.$d17 cm 225 2 $aClassiques Larousse 410 1$1001LAEC00018309$12001 $a*Classiques Larousse 700 1$aHugo$b, Victor$3AF00004834$4070$0444801 702 1$aDebidour, Antonin$3SOBA00008203$4070 801 0$aIT$bUNISOB$c20151130$gRICA 850 $aUNISOB 852 $aUNISOB$j840|Coll|3|K$m6840 912 $aSOBE00036123 940 $aM 102 Monografia moderna SBN 941 $aM 957 $a840|Coll|3|K$b000149$gSI$d6840$1bethb$2UNISOB$3UNISOB$420130905110535.0$520151130133551.0$6Alfano 996 $aHernani$918720 997 $aUNISOB LEADER 01133nam0 22002891i 450 001 UON00227359 005 20231205103443.198 010 $a97-227-0653-5 100 $a20030730d1990 |0itac50 ba 101 $apor 102 $aPT 105 $a||||0 ||||| 200 1 $aEditar Pessoa$fIvo Castro 210 $a[Lisboa]$cImprensa Nacional-Casa da Moeda$d1990 215 $a116 p.$d25 cm. 410 1$1001UON00176485$12001 $aEdiçao Crítica de Fernando Pessoa. Colecçao «Estudos»$1210 $aLisboa$cImprensa Nacional-Casa da Moeda.$vVol. 1 606 $aPESSOA FERNANDO$3UONC039857$2FI 620 $aPT$dLisboa$3UONL003135 676 $a869.1$cPoesia portoghese$v12 700 1$aCASTRO$bIvo$3UONV113944$0450949 712 $aImprensa Nacional-Casa da Moeda$3UONV266231$4650 801 $aIT$bSOL$c20240220$gRICA 899 $aSIBA - SISTEMA BIBLIOTECARIO DI ATENEO$2UONSI 912 $aUON00227359 950 $aSIBA - SISTEMA BIBLIOTECARIO DI ATENEO$dSI Port IV 1324 $eSI LO 67319 5 1324 996 $aEditar Pessoa$91271409 997 $aUNIOR LEADER 02349nam0 22004933i 450 001 SBL0020760 005 20251003044348.0 020 $aIT$b78-1291 100 $a20020618d1976 ||||0itac50 ba 101 | $aita$cita 102 $ait 181 1$6z01$ai $bxxxe 182 1$6z01$an 183 1$6z01$anc$2RDAcarrier 200 1 $aBorghesia industriale e Democrazia cristiana$esviluppo economico e mediazione politica dalla ricostruzione agli anni '70$fGiancarlo Provasi 210 $aBari$cDe Donato$d[1976] 215 $a307 p.$d21 cm. 225 | $aMovimento operaio$v39 410 0$1001RAV0043321$12001 $aMovimento operaio$v39 500 10$aBorghesia industriale e Democrazia cristiana$3UBO4799508$9CFIV073019$9202136 606 $aDemocrazia cristiana$xPolitica$x1950-1970$2FIR$3SBLC014593$9I 606 $aCapitalismo$xItalia$x1950-1970$2FIR$3SBLC014592$9I 676 $a330.122$9SISTEMI ECONOMICI. ECONOMIA DELLA LIBERA IMPRESA$v21 676 $a330.1220945$9SISTEMI ECONOMICI. ECONOMIA DELLA LIBERA IMPRESA. Italia$v23 676 $a330.945 092$9$v20 676 $a330.9450927$9SITUAZIONI E CONDIZIONI ECONOMICHE. ITALIA. 1970-1979$v21 676 $a338.0945$9PRODUZIONE. Italia$v20 676 $a338.945092$9SVILUPPO E CRESCITA ECONOMICA. Italia. 1946-$v22 696 $aVita politica$aAttività politica$aAspetti politici 696 $aNeocapitalismo 699 $aPolitica$zVita politica 699 $aPolitica$zAttività politica 699 $aPolitica$zAspetti politici 699 $aCapitalismo$zNeocapitalismo 700 1$aProvasi$b, Giancarlo$3CFIV073019$4070$0126296 801 3$aIT$bIT-000000$c20020618 850 $aIT-BN0095 $aIT-NA0581 $aIT-NA0230 901 $bNAP FC$cFONDO $n$ 901 $bNAP 01$cPOZZO LIB.$nVi sono collocati fondi di economia, periodici di ingegneria e scienze, periodici di economia e statistica e altri fondi comprendenti documenti di economia pervenuti in dono. 912 $aSBL0020760 950 0$aBiblioteca Centralizzata di Ateneo$c1 v.$d 01POZZO LIB.F. SANTI 326$e 0101 0060030045E VMA 1 v. (Precedente collocazione S 358)$fB $h20221108$i20221108 977 $a 01$a FC$a IR 996 $aBorghesia industriale e Democrazia cristiana$9202136 997 $aUNISANNIO